Manažerská psychologie
Enregistré dans:
| Auteur principal: | |
|---|---|
| Format: | Livre |
| Langue: | tchèque |
| Publié: |
Praha
GRADA
2007
|
| Édition: | 2. aktual. a rozšír. vyd. |
| Sujets: | |
| Tags: |
Pas de tags, Soyez le premier à ajouter un tag!
|
MARC
| LEADER | 00000nam a2200000 4500 | ||
|---|---|---|---|
| 001 | 0224480 | ||
| 005 | 20221207101148.0 | ||
| 020 | |a 978-80-247-1349-6 | ||
| 041 | 0 | |a cze | |
| 044 | |a CZ | ||
| 245 | 1 | 0 | |a Manažerská psychologie |c Milan Mikuláštík |
| 250 | |a 2. aktual. a rozšír. vyd. | ||
| 264 | 1 | |a Praha |b GRADA |c 2007 | |
| 300 | |a 380 s. | ||
| 610 | 2 | 0 | |a psychológia |
| 610 | 2 | 0 | |a manažéri |
| 610 | 2 | 0 | |a sebapoznanie |
| 610 | 2 | 0 | |a sebariadenie |
| 610 | 2 | 0 | |a osobnosť |
| 610 | 2 | 0 | |a motivácia pracovná |
| 610 | 2 | 0 | |a riadenie |
| 610 | 2 | 0 | |a rozhodovanie manažérske |
| 610 | 2 | 0 | |a štruktúra podniku organizačná |
| 610 | 2 | 0 | |a komunikácia manažérska |
| 610 | 2 | 0 | |a komunikácia interpersonálna |
| 610 | 2 | 0 | |a psychológia práce |
| 610 | 2 | 0 | |a poradenstvo personálne |
| 610 | 2 | 0 | |a práca tímová |
| 610 | 2 | 0 | |a ergonómia |
| 610 | 2 | 0 | |a prostredie pracovné |
| 610 | 2 | 0 | |a podnikanie |
| 610 | 2 | 0 | |a trh |
| 100 | 1 | |a Mikuláštík, Milan | |